Institut del Teatre
Descripción Física:
65 pàgines ; il·lustracions ; 24 cm
Materias:
Institut del Teatre (Barcelona, Catalunya) -- Ensenyament
; Teatre -- Ensenyament -- Catalunya
; Dansa -- Ensenyament -- Catalunya
Idioma:
Catalán
MARC
| LEADER | 00000nam a22000007a 4500 | ||
|---|---|---|---|
| 001 | 27653 | ||
| 003 | Arxiu | ||
| 005 | 20260324181158.0 | ||
| 008 | 230404b spa||||| |||| 00| 0 cat d | ||
| 017 | |a B 4466-2019 |b Biblioteca de Catalunya | ||
| 040 | |a agdb |b cat | ||
| 041 | |a cat | ||
| 110 | 1 | |9 52662 |a Institut del Teatre (Barcelona, Catalunya) | |
| 240 | 1 | 0 | |a Institut del Teatre |l Català |
| 245 | |a Institut del Teatre | ||
| 260 | |a Barcelona : |b Institut del Teatre : |b Diputació de Barcelona ; |c [2019] | ||
| 300 | |a 65 pàgines ; |b il·lustracions ; |c 24 cm | ||
| 500 | |a A la coberta i contracoberta conté cites de Maria Aurèlia Capmany, Adrià Gual i Montserrat Roig | ||
| 546 | |a També en anglès (R. 27654) | ||
| 610 | 0 | |9 56141 |a Institut del Teatre (Barcelona, Catalunya) |x Ensenyament | |
| 650 | 0 | |2 Arxiu |a Teatre |x Ensenyament |z Catalunya | |
| 650 | 0 | |2 Arxiu |a Dansa |x Ensenyament |z Catalunya | |
| 942 | |2 udc |c ARXIU |n 1 | ||
| 952 | |0 0 |1 0 |2 udc |4 0 |6 BIB1058 |7 1 |9 65937 |a Arxiu |b Arxiu |d 2023-04-04 |o Bib-1058 |p 27653 |r 2023-04-04 00:00:00 |w 2023-04-04 |y ARXIU | ||
| 999 | |c 83314 |d 83314 | ||